000 00318 a2200157 4500
001 174771
020 _a
040 _cMagnum
100 _aBandeira, Pedro
240 1 0 _aSem pe nem cabeca
_lpor
245 1 0 _aSem pe nem cabeca
362 0 _a1899
440 1 _aModerna
697 _aIJ/PARADIDATICO
942 _cBK
999 _c174771
_d174771